Statistiques concernant Quel gare de Paris pour ces gares de banlieue

Cliquez ici pour prendre le quiz!

Statistiques générales

  • Ce quiz a été pris 43 fois
  • Le résultat moyen est 13 sur 35

Statistiques - réponses

HintRéponse% Correct
PontoiseGare du Nord
79%
Cergy PréfectureGare Saint Lazare
71%
Gare Saint Lazare
63%
Gare de Lyon
45%
JuvisyGare de Lyon
45%
Versailles ChantiersGare Montparnasse
45%
Herblay-sur-SeineGare Saint Lazare
45%
Epône MézièreGare Saint Lazare
42%
CreilGare du Nord
39%
Ozoir la FerrièreGare Saint Lazare
37%
La HacquinièreChâtelet les Halles
34%
Gare d'Austerlitz
34%
Nanteuil SaâcyGare de l'Est
34%
Thieux NantouilletGare du Nord
34%
Gare Montparnasse
34%
Rosny sur SeineGare Saint Lazare
34%
MontreuilGare Saint Lazare
34%
Châtelet les Halles
32%
Châtelet les Halles
32%
Gare d'Austerlitz
32%
Isles Armantière CongisGare de l'Est
32%
BoignevilleGare de Lyon
32%
Gare de Lyon
32%
Souppes Château LandonGare de Lyon
32%
LiesseGare du Nord
32%
Gare du Nord
32%
BellevueGare Montparnasse
32%
Châtelet les Halles
29%
Gare d'Austerlitz
29%
Champagne sur SeineGare de Lyon
29%
Gare du Nord
29%
Châtelet Les Halles
26%
Gare du Nord
26%
Gare du Nord (Magenta)
26%
Gare d'Austerlitz
24%

Distribution des résultats

Percentile par nombre de réponses

% des personnes avec chaque résultat

Votre développement - résultats

Vous n’avez pas pris ce quiz